| Tag |
First Indicator |
Second Indicator |
Subfields |
| LEADER |
00000cam a2200000 a 4500 |
| 001 |
in00004460721 |
| 005 |
20191202121448.0 |
| 008 |
840905s1983 enka b 10100 eng d |
| 010 |
|
|
|a 83071858
|
| 019 |
|
|
|a 10987336
|
| 020 |
|
|
|a 0127909451 (Academic Press)
|
| 020 |
|
|
|a 0808916262 (Grune & Stratton) :
|c $46.80
|
| 035 |
|
|
|a (OCoLC)11119782
|
| 035 |
|
|
|9 AAB8299MS
|
| 035 |
|
|
|z (UtOrBLW)6341
|
| 035 |
|
|
|a 9915
|
| 040 |
|
|
|a PIT
|c PIT
|d WQM
|d OCL
|d UCH
|d TMV
|d UtOrBLW
|
| 049 |
|
|
|a TMVM
|c 1
|
| 060 |
|
4 |
|a WQ 205
|b I351 1982
|
| 245 |
0 |
0 |
|a In vitro fertilization and embryo transfer /
|c edited by P.G. Crosignani, B.L. Rubin.
|
| 264 |
|
1 |
|a London :
|b Academic Press ;
|a New York :
|b Grune & Stratton,
|c 1983.
|
| 300 |
|
|
|a ix, 439 pages :
|b illustrations ; 23 cm.
|
| 336 |
|
|
|a text
|2 rdacontent
|b txt
|
| 337 |
|
|
|a unmediated
|2 rdamedia
|
| 338 |
|
|
|a volume
|2 rdacarrier
|b nc
|
| 490 |
1 |
|
|a Proceedings of the Serono clinical colloquia on reproduction ;
|v no. 4
|
| 500 |
|
|
|a Proceedings of a symposium held in Carmel, California, October 24-26, 1982 supported by Serono Symposia.
|
| 504 |
|
|
|a Includes bibliographies and index.
|
| 520 |
8 |
|
|a Reproductive techniques
|
| 650 |
|
2 |
|a Fertilization in Vitro
|v Congresses.
|
| 650 |
|
2 |
|a Embryo Transfer
|v Congresses.
|
| 700 |
1 |
|
|a Crosignani, P. G.
|q (Pier Giorgio)
|
| 700 |
1 |
|
|a Rubin, B. L.
|q (Betty Louise),
|d 1920-
|
| 710 |
2 |
|
|a Serono Symposia, USA.
|
| 830 |
|
0 |
|a Proceedings of the Serono clinical colloquia on reproduction ;
|v no. 4.
|
| 948 |
|
|
|a Keep per EC, 2003 evaluation; retention reasons in 505, 520, 599, or 650 fields; 11/17/2003, sg.
|
| 999 |
|
|
|a MARS
|
| 999 |
f |
f |
|s 61e7259b-a48f-3069-b209-983d52bac14f
|i b6d0666e-3d47-34ad-9650-743232fe700a
|t 0
|
| 952 |
f |
f |
|p ric
|a Texas A&M University
|b Rellis Campus
|c Joint Library Facility
|d Remote Storage
|t 0
|e WQ 205 I351 1982
|h National Library of Medicine classification
|i unmediated -- volume
|m 323890006052
|
| 998 |
f |
f |
|a WQ 205 I351 1982
|t 0
|l Remote Storage
|